| 000 | 00718nam a2200205 a 4500 | ||
|---|---|---|---|
| 001 | BRCA_7135 | ||
| 005 | 20190320205726.0 | ||
| 008 | 110112s1951----u--#######---#000-0#eng-# | ||
| 041 | _aeng | ||
| 044 | _au | ||
| 050 | 4 |
_aZ6451 _b.H47 1951 |
|
| 245 | 1 | 0 | _aList of books from the law collection of Jerome Say Hess exhibited at the library of the School of Law on the occasion of the dedication of the Law Center of New York University and visit of America Bar Association to New York, Sember 1952 |
| 260 |
_a[s.l.] _b[s.n.] _c1951 |
||
| 300 |
_a21 p. _c23 cm. |
||
| 500 | _aDedicatoria de J. S. Hess al señor Mayer | ||
| 500 | _aP19 | ||
| 650 | 1 | 4 |
_aDerecho _vBibliografía _917723 |
| 902 | _aGFM | ||
| 942 |
_2lcc _cB |
||
| 999 |
_c6816 _d6816 |
||